| 000 | 00862nam a2200133Ia 4500 | ||
|---|---|---|---|
| 008 | 171212s9999 xx 000 0 und d | ||
| 020 | _a9780874217308 | ||
| 100 | _aBroad, Bob;Adler-Kassner, Linda;Alford, Barry;Detweiler, Jane;Estrem, Heidi;Harrington, Susanmarie;McBride, Maureen;Stalions, Eric;Weeden, Scott | ||
| 245 |
_cBroad, Bob;Adler-Kassner, Linda;Alford, Barry;Detweiler, Jane;Estrem, Heidi;Harrington, Susanmarie;McBride, Maureen;Stalions, Eric;Weeden, Scott _aOrganic Writing Assessment _bDynamic Criteria Mapping in Action |
||
| 260 |
_bUniversity Press of Colorado _c2009 |
||
| 650 | _aEducation | ||
| 650 | _aEnglish language -- Rhetoric -- Study and teaching (Higher) -- Evaluation; English language -- Composition and exercises -- Study and teaching -- Evaluation; College prose -- Evaluation | ||
| 856 | _uwww.jstor.org/stable/10.2307/j.ctt4cgpzr | ||
| 999 |
_c353135 _d353135 |
||